00588cam a22002171 4500001001300000003000400013005001700017008004100034010001700075035002000092040001800112042001200130050001500142100002600157245002900183260001100212300004500223500006100268600002400329999001700353sa 67007667 DLC20260227112417.0890626s1966 ii cj 000 0 asmo  asa 67007667  a(OCoLC)19925684 aDLCcWaUdDLC apremarc00aPK9.B6bB51 aBhuyan, Suryya Kumar.10aĀnandarāma Baruwā. c[1966] a19, 163 p.bgeneal. table, port.c23 cm. aIn Assamese; appendices in Assamese, Bengali or English.10aBorooah, Anundoram. c76721d76721